| 000 | 02001nam0a2200325 4500 | ||
|---|---|---|---|
| 001 | RU\NLR\BIBL_A\022555276 | ||
| 005 | 20260420045242.0 | ||
| 010 |
_a978-5-94614-584-8 _9100 |
||
| 021 |
_aRU _bКН-П-25-020974 _9КН-П-25-2128 |
||
| 035 | _a(NLR Aleph) 022555276 | ||
| 090 |
_a13674016 _c13674016 |
||
| 100 | _a20250602d2025 u y0rusy50 ca | ||
| 101 | 0 | _arus | |
| 102 | _aRU | ||
| 105 | _aa|||j|||000yy | ||
| 181 | 0 |
_ai3 _baxxe |
|
| 182 | 0 | _an | |
| 200 | 1 |
_aИмитационное моделирование случайных событий _eучебно-методическое пособие для организации самостоятельной работы студентов технических специальностей и направлений подготовки 23.00.00 "Техника и технологии наземного транспорта" при изучении теории вероятностей _fИ. В. Куликова, О. В. Куликова |
|
| 203 |
_aТекст _bвизуальный _cнепосредственный |
||
| 210 |
_aЕкатеринбург _cУрГУПС _d2025 |
||
| 215 |
_a71 с. _cил., табл. _d21 |
||
| 320 | _aБиблиогр.: с. 71 (7 назв.) | ||
| 606 | 1 |
_aСлучайные процессы _jУчебно-методические пособия для высших учебных заведений _xИмитационное моделирование _92192977 _3RU\NLR\AUTH\661318152 |
|
| 686 | 1 | _aВ192.147я73-1 | |
| 700 | 1 |
_aКуликова _bИ. В. _cпреподаватель, математика, информатика _gИрина Валерьевна _9262973 _3RU\NLR\AUTH\770263029 |
|
| 701 | 1 |
_7ca _8rus _aКуликова _bО. В. _cканд. пед. наук, математика _f1964- _gОльга Валентиновна _934010 _3RU\NLR\AUTH\7751076 |
|
| 942 | _cBOOK | ||
| 980 | _aNB | ||